Escrita con sangre. Historia de la violencia en América Latina: Siglos XIX y XX.
保存先:
| 第一著者: | |
|---|---|
| その他の著者: | , , |
| フォーマット: | 不明 |
| 言語: | スペイン語 |
| 出版事項: |
Santiago, Chile:
Ceibo Ediciones,
2013
|
| 版: | 1a. edición. |
| シリーズ: | Colección Ensayo.
|
| 主題: | |
| タグ: |
タグ追加
タグなし, このレコードへの初めてのタグを付けませんか!
|
MARC
| LEADER | 00000 a2200000 4500 | ||
|---|---|---|---|
| 003 | CL-VaPUC | ||
| 005 | 20250328153733.0 | ||
| 008 | 250131t2013 ||||| |||| 00| 0 spa d | ||
| 999 | |c 446649 |d 446647 | ||
| 020 | |a 978-956-9071-52-2 | ||
| 040 | |c Pontificia Universidad Católica de Valparaíso | ||
| 082 | |2 22 |a 303.6098 GOI 2013 | ||
| 100 | |a Goicovic, Igor |9 895580 |e compilador | ||
| 245 | |a Escrita con sangre. |b Historia de la violencia en América Latina: Siglos XIX y XX. | ||
| 250 | |a 1a. edición. | ||
| 260 | |a Santiago, Chile: |b Ceibo Ediciones, |c 2013 | ||
| 300 | |a 366 páginas. | ||
| 490 | |a Colección Ensayo. | ||
| 583 | |k Yessy Díaz Vidal |c 20250131 | ||
| 650 | 0 | |9 321520 |a Violencia política |y Siglos 19-20 |z América Latina | |
| 650 | 0 | |9 535002 |a Violencia de género |v Historia |z América Latina | |
| 651 | 0 | |9 255027 |a América Latina |x Violencia política y social | |
| 700 | |a Pinto Vallejos, Julio |e compilador |9 897734 | ||
| 700 | |9 896106 |a Lozoya, Ivette |e compiladora | ||
| 700 | |9 862254 |a Pérez, Claudio |e compilador | ||
| 942 | |2 ddc |c BK | ||
| 952 | |0 0 |1 0 |2 ddc |4 0 |6 303_609800000000000_GOI_2013 |7 0 |8 A |9 600223 |a BIBHIS |b BIBHIS |d 2025-01-30 |e 3 |g 44274.00 |i 5665092 |o 303.6098 GOI 2013 |p 5665092 |r 2025-01-30 |t 1 |v 44274.00 |w 2025-01-30 |y BK |k HIS | ||